Economics of outdoor recreation, (Record no. 12244)

MARC details
000 -LEADER
fixed length control field 00818nam a2200265 4500
001 - CONTROL NUMBER
control field 3587507
005 - DATE AND TIME OF LATEST TRANSACTION
control field 20150821144549.0
007 - PHYSICAL DESCRIPTION FIXED FIELD--GENERAL INFORMATION
fixed length control field 000
008 - FIXED-LENGTH DATA ELEMENTS--GENERAL INFORMATION
fixed length control field 000
010 ## - LIBRARY OF CONGRESS CONTROL NUMBER
LC control number 66016040
020 ## - INTERNATIONAL STANDARD BOOK NUMBER
International Standard Book Number 0801813026
040 ## - CATALOGING SOURCE
Original cataloging agency UOEL
Transcribing agency DLC
Modifying agency DLC
-- WaU
-- DLC
050 00 - LIBRARY OF CONGRESS CALL NUMBER
Classification number GV182.2
Item number .C52
082 00 - DEWEY DECIMAL CLASSIFICATION NUMBER
Classification number 333.7/8/0973
100 1# - MAIN ENTRY--PERSONAL NAME
Personal name Clawson, Marion,
Dates associated with a name 1905-1998.
245 10 - TITLE STATEMENT
Title Economics of outdoor recreation,
Statement of responsibility, etc by Marion Clawson and Jack L. Knetsch.
260 ## - PUBLICATION, DISTRIBUTION, ETC. (IMPRINT)
Place of publication, distribution, etc Baltimore,
Name of publisher, distributor, etc Published for Resources for the Future by Johns Hopkins Press
Date of publication, distribution, etc c1966
300 ## - PHYSICAL DESCRIPTION
Extent xx, 328 p.
Other physical details illus.
Dimensions 24 cm.
504 ## - BIBLIOGRAPHY, ETC. NOTE
Bibliography, etc Bibliographical footnotes.
650 #0 - SUBJECT ADDED ENTRY--TOPICAL TERM
Topical term or geographic name as entry element Outdoor recreation industry.
700 1# - ADDED ENTRY--PERSONAL NAME
Personal name Knetsch, Jack L.,
Dates associated with a name 1933-
710 2# - ADDED ENTRY--CORPORATE NAME
Corporate name or jurisdiction name as entry element Resources for the Future.
906 ## - LOCAL DATA ELEMENT F, LDF (RLIN)
a 7
b cbc
c orignew
d u
e ocip
f 19
g y-gencatlg
942 ## - ADDED ENTRY ELEMENTS (KOHA)
Source of classification or shelving scheme Library of Congress Classification
Item type Loan - Normal on open shelf
Holdings
Withdrawn status Lost status Source of classification or shelving scheme Damaged status Not for loan Home library Current library Shelving location Date acquired Total Checkouts Full call number Barcode Date last seen Copy number Price effective from Koha item type
    Library of Congress Classification     UOE Main Library UOE Main Library Open shelf 21/08/2015   GV182.2 .C52 30001197 27/04/2026 30001197 21/08/2015 Loan - Normal on open shelf